Efektivita ukládání dat

Nové technológie zamerané na účinnosť uchovávania dát, ktoré sú stále populárnejšie a začínajú obsadzovať popredné miesta na trhu. Deduplikácia, automatické vrstvenie (storage tiering), thin provisioning a scale-out.

Salvato in:
Dettagli Bibliografici
Autore principale: Chang, Galvin
Natura: Capitolo di libro
Lingua:ceco
Soggetti:
Tags: Aggiungi Tag
Nessun Tag, puoi essere il primo ad aggiungerne!!

MARC

LEADER 00000naa a2200000 4500
001 0158481
005 20231211073525.9
041 0 |a cze 
044 |a CZ 
245 1 0 |a Efektivita ukládání dat  |c Galvin Chang 
520 |a Nové technológie zamerané na účinnosť uchovávania dát, ktoré sú stále populárnejšie a začínajú obsadzovať popredné miesta na trhu. Deduplikácia, automatické vrstvenie (storage tiering), thin provisioning a scale-out. 
610 2 0 |a technológie informačné 
610 2 0 |a technológie komunikačné 
610 2 0 |a systémy databázové 
610 2 0 |a dáta 
610 2 0 |a organizácia dát 
610 2 0 |a spracovanie dát 
610 2 0 |a uchovávanie dát 
610 2 0 |a sklad dát 
100 1 |a Chang, Galvin